Central Library OPAC University of Rajshahi

Money and banking / (Record no. 58489)

MARC details
000 -LEADER
fixed length control field 00883nam a2200289 a 4500
001 - CONTROL NUMBER
control field 58489
003 - CONTROL NUMBER IDENTIFIER
rucl marc code BD-RjUL
005 - DATE AND TIME OF LATEST TRANSACTION
control field 20211209080628.0
008 - FIXED-LENGTH DATA ELEMENTS--GENERAL INFORMATION
fixed length control field 161218r19581957ilua ab 001 0 eng d
035 ## - SYSTEM CONTROL NUMBER
System control number (OCoLC)ocm32416142
System control number (BD-RjUL)58613
040 ## - CATALOGING SOURCE
Original cataloging agency PR1
Transcribing agency PR1
Modifying agency ZCU
-- BD-RjUL
Language of cataloging eng
041 ## - LANGUAGE CODE
Language code of text/sound track or separate title eng
082 04 - DEWEY DECIMAL CLASSIFICATION NUMBER
Classification number 332.4
Author mark and year PRM 1958
Edition number 23
100 1# - MAIN ENTRY--PERSONAL NAME
Personal name Prather, Charles Lee,
Dates associated with a name 1899-
9 (RLIN) 11082
245 10 - TITLE STATEMENT
Title Money and banking /
Statement of responsibility, etc. by Charles L. Prather
250 ## - EDITION STATEMENT
Edition statement 6th ed.
260 ## - PUBLICATION, DISTRIBUTION, ETC. (IMPRINT)
Place of publication, distribution, etc. Homewood :
Name of publisher, distributor, etc. R.D. Irwin, Inc.,
Date of publication, distribution, etc. 1957 [reprint 1958]
300 ## - PHYSICAL DESCRIPTION
Pagination xvi,650 p. :
Illustrations ill. ;
Size 24 cm.
500 ## - GENERAL NOTE
General note "Third edition, first printing, August 1946."
504 ## - BIBLIOGRAPHY, ETC. NOTE
Bibliography, etc Includes index.
650 #0 - SUBJECT ADDED ENTRY--TOPICAL TERM
Topical term or geographic name as entry element Money.
9 (RLIN) 11083
Topical term or geographic name as entry element Banks and banking
Geographic subdivision United States.
9 (RLIN) 11084
Topical term or geographic name as entry element Credit
Geographic subdivision United States.
9 (RLIN) 7426
776 1# - ADDITIONAL PHYSICAL FORM ENTRY
Qualifying information Original
Record control number (DLC) 46021233
942 ## - ADDED ENTRY ELEMENTS (KOHA)
Source of classification or shelving scheme Dewey Decimal Classification
Koha item type Books
Holdings
Lost status Source of classification or shelving scheme Damaged status Not for loan Collection code Permanent Location Current Location Shelving location Date acquired Source of acquisition Total Checkouts Full call number Date last seen Copy number Koha item type
  Dewey Decimal Classification   Not For Loan Non-fiction Central Library, University of Rajshahi Central Library, University of Rajshahi Reading Room 07/02/1985 Sociology dept. R.U.   332.4 PRM 1958 18/12/2016 C-1 Books